| 000 | 00709nam a2200205 a 4500 | ||
|---|---|---|---|
| 008 | 120416s1981 ||||||||||||||||| || u | ||
| 020 | _a0300025491 | ||
| 050 | _aGF 90 Gre | ||
| 100 | _aGreenbie, Barrie B | ||
| 245 | 1 | 0 | _aSpaces : dimensions of the human landscape |
| 260 |
_aNew Haven _bYale University _c1981 |
||
| 300 | _axiii, 321p. : ill. | ||
| 350 | _a0.00 | ||
| 500 | _aIncludes indexes. -Bibliography: p. 297-300. | ||
| 650 | _aLAND | ||
| 650 | 0 | _aCITY PLANNING | |
| 650 | _aLandscape assessment | ||
| 650 | _aLANDSCAPE ARCHITECTURE | ||
| 995 |
_D0.00 _FCBU-MAIN LIBRARY (Kitwe) _H1 _I57.75 _M1 _UAVAILABLE _ZMain Library Open Access Collection |
||
| 999 |
_c58029 _d58029 |
||